Filosofías desde la literatura : (Record no. 193984)
[ view plain ]
| 000 -LEADER | |
|---|---|
| campo de control de longitud fija | 02607nam a2200313 i 4500 |
| 001 - NÚMERO DE CONTROL | |
| campo de control | 193984 |
| 003 - IDENTIFICADOR DE NÚMERO DE CONTROL | |
| campo de control | SpMaBN |
| 005 - FECHA Y HORA DE LA ÚLTIMA TRANSACCIÓN | |
| campo de control | 20250708200656.0 |
| 008 - DATOS DE LONGITUD FIJA--INFORMACIÓN GENERAL | |
| campo de control de longitud fija | 240108s2023 sp | |||| 000 0 spa |
| 015 ## - NÚMERO DE BIBLIOGRAFÍA NACIONAL | |
| Número de bibliografía nacional | MON23 |
| 017 ## - NÚMERO DE COPYRIGHT O DE DEPÓSITO LEGAL | |
| Número de copyright o de depósito legal | M 18714-2023 |
| Agencia que asigna | Oficina Depósito Legal Madrid |
| 020 ## - NÚMERO INTERNACIONAL ESTÁNDAR DEL LIBRO | |
| Número Internacional Estándar del Libro | 9788411703093 |
| 040 ## - FUENTE DE CATALOGACIÓN | |
| Centro catalogador/agencia de origen | SpMaBN |
| Lengua de catalogación | spa |
| Centro/agencia transcriptor | SpMaBN |
| Normas de descripción | rda |
| 100 1# - ENTRADA PRINCIPAL--NOMBRE DE PERSONA | |
| Nombre de persona | Galán, Ilia, |
| Fechas asociadas al nombre | 1966- |
| 9 (RLIN) | 234259 |
| Término indicativo de función/relación | Autor |
| 245 1# - MENCIÓN DEL TÍTULO | |
| Título | Filosofías desde la literatura : |
| Resto del título | de Hildegard Von Bingen a Tranströmer / |
| Mención de responsabilidad, etc. | Ilia Galán Díez. |
| 264 #1 - PRODUCCIÓN, PUBLICACIÓN, DISTRIBUCIÓN, FABRICACIÓN Y COPYRIGHT | |
| Nombre del de productor, editor, distribuidor, fabricante | Editorial Dykinson, |
| Fecha de producción, publicación, distribución, fabricación o copyright | 2023 |
| 300 ## - DESCRIPCIÓN FÍSICA | |
| Extensión | 249 páginas ; |
| Dimensiones | 21 cm |
| 336 ## - TIPO DE CONTENIDO | |
| Término de tipo de contenido | Texto |
| Fuente | rdacontent |
| 337 ## - TIPO DE MEDIO | |
| Nombre/término del tipo de medio | sin mediación |
| Fuente | rdamedia |
| 338 ## - TIPO DE SOPORTE | |
| Nombre/término del tipo de soporte | volumen |
| Fuente | rdacarrier |
| 520 ## - RESUMEN, ETC. | |
| Sumario, etc. | No es la razón sola el instrumento de nuestra mente capaz de alcanzar lo más profundo; a veces es indispensable la poesía, la narrativa o el teatro para vislumbrar lo que con razones solo no podría entenderse y parecería absurdo. Por eso no podemos o no debemos reducir la filosofía académica al modo racionalista o al modo analítico, hoy tan presuntuosamente imperantes en nuestras universidades, como si no hubiera otro modo de pensar. La filosofía se suele transmitir de modo eminente con palabras y por ello se convierte en una parte de la literatura. Los límites no son exactos entre una y otra manera de concebir lo ideal, lo fantástico o lo real, del mismo modo que también esos mundos se mezclan y confunden a menudo. La literatura puede ser filosofía, y lo es, en no pocos grandes poetas, dramaturgos o narradores... Pero también al contrario... No es por tanto extraño que algunos filósofos hayan recibido el premio Nobel de Literatura, como hallamos en los casos de Bergson, Sartre o Russell... En el presente libro se han reunido estudios de diversos escritores y la filosofía se teje a partir de las sugerencias que ahí se encuentran, a menudo entre las líneas, entre los intersticios que entre unas y otras palabras se nos dejan. |
| 852 ## - LOCALIZACIÓN | |
| Ubicación | ES-MaACL |
| Sublocalización o colección | R.154954 |
| Ubicación en estantería | Depósito J |
| Número de control de estantería | N-9776 |
| Encuadernación | Encuadernación rústica con solapas |
| Anotaciones manuscritas | Dedicatoria autógrafa del autor |
| Donativo/Legado | Donación : Ilía Galán Díez |
| itemnumber | 205507 |
| 903 ## - NOMBRE PERSONAL DE DONANTE | |
| 9 | 234259 |
| a | Galán, Ilia, |
| d | 1966- |
| e | Donante |
| 942 ## - ELEMENTOS DE ENTRADA SECUNDARIOS (KOHA) | |
| Tipo de ítem Koha | Libro impreso |
| Suprimir en OPAC | No |
| Estatus retirado | Estado de pérdida | Fuente del sistema de clasificación o colocación | Estado de daño | No para préstamo | Colección | Biblioteca de origen | Biblioteca actual | Ubicación en estantería | Fecha de adquisición | Fuente de adquisición | Número de control de estantería | Total de préstamos | Signatura topográfica completa | Código de barras | Visto por última vez | Precio de reemplazo | Tipo de ítem Koha |
|---|---|---|---|---|---|---|---|---|---|---|---|---|---|---|---|---|---|
| Clasificación decimal universal | Libros con dedicatorias | Biblioteca del Ateneo de Madrid | Biblioteca del Ateneo de Madrid | Depósito J | 13/05/2025 | Donación | Ateneísta | N-9776 | 101230090 | 13/05/2025 | 13/05/2025 | Libro impreso |
